000 00780nam a2200253Ia 4500
003 OSt
005 20220924124414.0
006 a|||||r|||| 00| 0
007 ta
008 220923b |||||||| |||| 00| 0 hin d
024 _a229409
037 _cTextual
040 _aARTS
_cARTS
_bhin
041 _2hin
_ahin
082 _a/\2:864xDPA,1, 152P2;P5.1-.2-;1(TTPS)
100 _aParasara
245 0 _aBrihat Parasara hora sastram with Hindi translation
260 _aNew Delhi
_b Ranjan Publication India
_c2005
300 _a944p.
_ccm.
650 _aSPIRurdALISM
700 _a Mishra Suresh Chandra Tr.
942 _h/\2:864xDPA,1, 152P2;P5.1-.2-;1(TTPS)
_cTEXL
_2CC
999 _c419545
_d419545